Týždeň príloha novín Slovcepa

Bibliographic Details
New Title:Spravodaj Týždeň
Other Authors: Zdražil, Ján (Publishing director)
Format: Journal
Language:Slovak
PhysicalDescription:5 zv. 42 cm
Published: Ružomberok Severoslovenské celulózky a papierne 1983-1987
Subjects:

MARC

LEADER 00000cas a2200000 a 4500
001 vtls001222887
003 SK-MaSNL
005 20260228162023.0
008 151120d19831987xo sr|p 0 0b0slo
035 |a SNK000168645 
035 |a (SVKBB)vtls000288544 
040 |a SNK  |b slo  |c SNK  |e AACR2 
041 0 |a slo 
043 |a e-xo--- 
044 |a xo  |c SK 
072 7 |a 676  |x Papierenský priemysel  |2 konspekt 
080 |a 050  |2 2001 
080 |a (437.6)  |2 2001 
080 |a 676  |2 2001 
080 |a 676.2  |2 2001 
080 |a 676.1  |2 2001 
245 0 0 |a Týždeň  |b príloha novín Slovcepa 
260 |a Ružomberok  |b Severoslovenské celulózky a papierne  |c 1983-1987 
300 |a 5 zv.  |c 42 cm 
310 |a 24x ročne 
362 0 |a Č. 1 (1983)-č. 12 (1987) 
500 |a Vyd. CZV KSS a vedenie podniku SCP Ružomberok 
500 |a Povolenie SÚTI č. 37381 
500 |a Tlač. Tlačiarne SNP, n.p., Martin, závod 03 Ružomberok 
500 |a Ved. red.: 1983-22/1984, Ján Zdražil ; zodp. red.: 23/1984-1987, Ladislav Láncoš 
500 |a Povolenie SÚTI č. 27381 
500 |a Od aug. 1987 vychádzka samostatne ako: Spravodaj Týždeň 
515 |a Niektoré čísla vyšli ako dvojčíslo 
610 2 7 |a Severoslovenské celulózky a papierne (Ružomberok, Slovensko)  |2 SNKKA  |9 32516 
650 0 7 |a papierenský priemysel  |2 SNKPH  |9 58727 
650 0 7 |a papier  |2 SNKPH  |9 19457 
650 0 7 |a celulóza  |2 SNKPH  |9 16027 
655 7 |a podnikové periodiká  |2 SNKPH  |9 132333 
700 1 |a Zdražil, Ján  |4 pbd  |9 269519 
700 1 |a Láncoš, Ladislav  |4 lso  |9 270211 
772 0 |t Slovcepa  |w vtls001203646 
785 0 0 |t Spravodaj Týždeň  |w vtls001272338 
910 |a snk 
916 |a 1983-1987 
958 |a OND 
999 |c 6502  |d 8432 
952 |0 0  |1 0  |3 rekatalogizácia  |4 0  |7 0  |a SNK  |b SNK  |d 2008-01-10  |f 1  |i snkČSP 1231/86  |l 0  |o snkČSA 1047/A/1985  |p 17A0572337  |r 2026-02-21 20:21:36  |t č. 1-24  |w 2026-02-21  |y PREZ 
952 |0 0  |1 0  |4 0  |7 0  |a SNK  |b SNK  |d 2014-04-09  |i snkČSP 631/84  |l 0  |o snkČSA 1047/A/1983 D1  |p 17A1022967  |r 2026-02-21 20:51:39  |t č. 1-25  |w 2026-02-21  |y PREZ 
952 |0 0  |1 0  |4 0  |7 0  |a SNK  |b SNK  |d 2002-01-16  |f 1  |i snkČSP 630/84  |l 0  |o snkČSA 1047/A/1983  |p 17A0322517  |r 2005-01-01 00:00:00  |t č. 1-25  |w 2026-02-21  |y PREZ 
952 |0 0  |1 0  |4 0  |7 0  |a SNK  |b SNK  |d 2002-01-16  |f 1  |i snkČSP 2679/87  |l 0  |o snkČSA 1047/A/1986  |p 17A0322424  |r 2005-01-01 00:00:00  |t č. 1-25  |w 2026-02-21  |y PREZ 
952 |0 0  |1 0  |4 0  |7 0  |a SNK  |b SNK  |d 2002-01-16  |f 1  |i snkČSP 5098/88  |l 0  |o snkČSA 1047/A/1987  |p 17A0322516  |r 2005-01-01 00:00:00  |t č. 1-12  |w 2026-02-21  |y PREZ 
952 |0 0  |1 0  |4 0  |7 0  |a SNK  |b SNK  |d 2015-05-15  |f 1  |i snkČSP 124/85  |l 0  |o snkČSA 1047/A/1984  |p 17A0789891  |r 2026-02-21 21:34:05  |t č. 1-26  |w 2026-02-21  |y PREZ